000 00420nam a2200181Ia 4500
001 10900
005 20260306161906.0
008 260306t1996||||xx |||||||||||||| ||spa||
041 _aESP
082 _a980.01
_bO657
100 _aOlsen Bruhns, Karen
_eAUT
245 0 _aAncient South America
260 _c1996
300 _a424 páginas :
_c24 cm.
650 _aGEN
654 _aCHU
942 _cLIB
_dJUS
_fJUS
_2ddc
_n
999 _c10900
_d10900